EDUCATING EXCEPTIONAL CHILDREN (Record no. 13914)

MARC details
000 -LEADER
fixed length control field 00317nam a22001457a 4500
003 - CONTROL NUMBER IDENTIFIER
control field SGT
082 ## - DEWEY DECIMAL CLASSIFICATION NUMBER
Classification number 155.4
Item number E09K
100 ## - MAIN ENTRY--PERSONAL NAME
Personal name KIRK, SAMUEL
245 ## - TITLE STATEMENT
Title EDUCATING EXCEPTIONAL CHILDREN
250 ## - EDITION STATEMENT
Edition statement 12TH
260 ## - PUBLICATION, DISTRIBUTION, ETC. (IMPRINT)
Place of publication, distribution, etc AUSTRALIA
Name of publisher, distributor, etc WADS WORTH
Year of Publication 2009
300 ## - PAGE DESCRIPTION
No. of Pages 447
650 ## - SUBJECT ADDED ENTRY--TOPICAL TERM
Topical term or geographic name as entry element PSYCHOLOGY
942 ## - ADDED ENTRY ELEMENTS (KOHA)
Source of classification or shelving scheme Dewey Decimal Classification
Koha item type Books
Holdings
Withdrawn status Lost status Source of classification or shelving scheme Damaged status Not for loan Collection code Home library Current library Shelving location Date acquired Vendor Name SGTU Bill Number Total Checkouts Full call number Accession No. (Barcode) Date last seen Bill Date Koha item type
    Dewey Decimal Classification   Not For Loan MEDICAL SGT Medical Library SGT Medical Library Reference Book 09/12/2017 ABC SGTU 8349   155.4 E09K FM8844 09/12/2017 23/06/2017 Books